000 00870cab a2200217 4500
001 ABS42129
008 090401t xxu||||| |||| 00| 0 eng d
035 _a(Sirsi) u34865
041 _aeng
100 _aLavers, A.P.
245 _aTime and price determinants of structural surveyor`s professional obligations
350 _a0
490 _aStructural Survey
_v8(3) Winter 89/90, 312-319(7)
520 _aDiscusses the legal relevance of time and price in determining the obligations of the structural surveyor . A study is made of judicial attitudes in cases where reliance upon time and price has been cited by surveyors as a factor limiting their obligation and thus their liability in negligence .
650 _aFEES
650 _aINSTRUCTIONS
650 _aSURVEYORS
690 _aBUILT ENVIRONMENT-BUILDING INSPECTION
942 _n0
948 _c04/03/1997
999 _c22984
_d22984